000
00208 a2200097 4500
001
10918
100
_a
Imam Ghazali
245
_a
Tabligh-e-Din
260
_a
_b
Muhammad Said And Sons
_c
090
_c
8489
_d
8489
942
_a
NUST-CAE
_c
M
_c
35254
999
_c
245991
_d
245991